000 01140nam0a22003011 4500
001 rc\3226473
005 20250609192937.0
021 _aRU
_b[71-67992]
035 _a(NLR Aleph) 007469437
090 _a7400699
_c7400699
100 _a20130115d1971 |||y0rusy50 ca
101 0 _arus
102 _aRU
105 _aa z |||||
200 1 _aКолхоз "Красная нива"
_e[Майск. р-н
_fВступ. статья М. Кульбаева]
210 _aМосква
_cКолос
_d1971
215 _a144 с.
_cил.
_d20
225 1 _aПередовые хозяйства страны
300 _aПеред загл. авт.: Н.Н. Евтушенко, Герой Соц. Труда, канд. с.-х. наук, заслуж. агр. РСФСР
532 1 3 _aКолхоз Красная нива
606 _aКолхозы
_yКабардино-Балкарская АССР
_2psbo
700 1 _aЕвтушенко
_bН.Н.
_gНиколай Никитович
702 1 _aКульбаев
_bМ.
_4080
801 0 _aRU
_bNLR
_gpsbo
801 1 _aRU
_bELAR
_2rusmarc
852 _aNLR
_j71-3/5852
942 _cBOOK
980 _aNB